000 00586nam a2200193Ia 4500
003 GCL
008 140319s9999 xx 000 0 eng d
040 _aGCL /
_cGCL
082 0 4 _a509
_bB E
100 1 _aAL-BIRUNI, ABU AL-RAYHAN MOHAMMAD
245 1 0 _aTHE EXHAUSTIVE TERATISE ON SHADOWS /
_cAL-BIRUNI, ABU AL-RAYHAN MOHAMMAD
700 1 _aKENNEDY, E. S.
260 _a[S.N] :
_bINSTITUTE FOR THE HISTORY OF ARABIC SCIE ،
_c1976
300 _aSEVRAL
650 0 4 _aحوادث المرور
650 0 4 _aSCIENCE - HISTORY
650 0 4 _aARAB COUNTRIES - HISTORY
942 _2ddc
_cBK
999 _c12517
_d12517